| 000 | 00664nam a22001817a 4500 | ||
|---|---|---|---|
| 999 |
_c180065 _d180065 |
||
| 005 | 20210722170208.0 | ||
| 010 | _aENG-129627 | ||
| 020 |
_a978-93-89137-84-2 _c1580.00 |
||
| 035 | _aEN-113159 | ||
| 037 | _bDBAD/PUB | ||
| 082 | _a337.54061 | ||
| 245 |
_aTailspin: _bThe Politics of India-China Economic Relations/ _cEdited By Aravind Yelery, Et. All |
||
| 260 |
_aNew Delhi _bKW Publishers Pvt Ltd. _c2020 |
||
| 270 |
_a4676/21, First Floor, Ansari Road, Daryaganj _bNew Delhi _e110002 _k011-43528107 _mkw@kwpub.com |
||
| 300 |
_a405p. _c23cm(hbk) _bIndex, References |
||
| 700 | _aAravind Yelery, Mrudul Nile | ||
| 942 |
_2ddc _cEN _h337.54061 _mYEL |
||